[Event "Platense-ch"]
[Site "La Plata"]
[Date "2018.01.10"]
[Round "6"]
[White "Martinez Conte, Mariano"]
[Black "Tierno de la Rosa, Juan"]
[Result "0-1"]
[WhiteElo "1864"]
[BlackElo "1914"]
[PlyCount "94"]
[EventDate "2018.01.03"]
[EventType "swiss"]
[EventRounds "9"]
[EventCountry "ARG"]
[SourceTitle "EXT 2019"]
[Source "ChessBase"]
[SourceDate "2018.10.10"]
[SourceVersion "1"]
[SourceVersionDate "2018.10.10"]
[SourceQuality "1"]

1. e4 c5 2. Nf3 e6 3. d4 cxd4 4. Nxd4 Nf6 5. Nc3 d6 6. g4 h6 7. h4 a6 8. Rg1 b5 9. g5 hxg5 10. hxg5 Nfd7 11. Be3 g6 12. Qd2 Bb7 13. 0-0-0 b4 14. Nce2 Bxe4 15. Bg2 Bxg2 16. Rxg2 Qa5 17. Kb1 Ne5 18. f4 Nc4 19. Qd3 Qd5 20. Rgg1 Nd7 21. Bc1 Nc5 22. Qg3 Qb7 23. Nb3 Ne4 24. Qd3 d5 25. Qd4 Rg8 26. f5 gxf5 27. Rg2 a5 28. Qg1 a4 29. g6 fxg6 30. Rxg6 Rxg6 31. Qxg6+ Qf7 32. Qxf7+ Kxf7 33. Nbd4 a3 34. b3 Ne5 35. Bf4 Ng6 36. Bh2 Rc8 37. Rg1 Bc5 38. Re1 Rh8 39. Bc7 Kf6 40. c4 bxc3 41. Kc2 e5 42. Nc6 f4 43. b4 Bd6 44. Bd8+ Kf5 45. Rg1 Bxb4 46. Bb6 Rh2 47. Nxb4 Rxe2+ 0-1

[Event "Platense-ch"]
[Site "La Plata"]
[Date "2018.01.04"]
[Round "2"]
[White "Tierno de la Rosa, Juan"]
[Black "Martinez, Franco1111"]
[Result "1-0"]
[WhiteElo "1914"]
[BlackElo "1753"]
[PlyCount "69"]
[EventDate "2018.01.03"]
[EventType "swiss"]
[EventRounds "9"]
[EventCountry "ARG"]
[SourceTitle "EXT 2019"]
[Source "ChessBase"]
[SourceDate "2018.10.10"]
[SourceVersion "1"]
[SourceVersionDate "2018.10.10"]
[SourceQuality "1"]

1. e4 e6 2. d4 d5 3. Nc3 dxe4 4. Nxe4 Nd7 5. Nf3 Ngf6 6. Nxf6+ Nxf6 7. Bd3 Be7 8. 0-0 0-0 9. Bd2 b6 10. Bc3 Bb7 11. a3 a5 12. Qe2 Bd6 13. Ne5 Nd5 14. Bd2 Qh4 15. f4 f5 16. c4 Nf6 17. Nf3 Qh6 18. Qxe6+ Kh8 19. Qxf5 Rae8 20. Qg5 Qxg5 21. fxg5 Ne4 22. Bxe4 Bxe4 23. Ne5 Rxf1+ 24. Rxf1 Kg8 25. Bf4 c5 26. Re1 Bb7 27. d5 Ba6 28. b3 b5 29. cxb5 Bxb5 30. Bg3 a4 31. bxa4 Bxa4 32. Nc4 Bxg3 33. Rxe8+ Bxe8 34. hxg3 Kf7 35. Nd6+ 1-0

[Event "Latin Cup-A 6th"]
[Site "Buenos Aires"]
[Date "2015.03.21"]
[Round "3"]
[White "Munoz, Francisco Javier"]
[Black "Tierno de la Rosa, Juan"]
[Result "1-0"]
[WhiteElo "2259"]
[BlackElo "1897"]
[PlyCount "49"]
[EventDate "2015.03.19"]
[EventType "swiss"]
[EventRounds "9"]
[EventCountry "ARG"]
[SourceTitle "CBM 165 Extra"]
[Source "ChessBase"]
[SourceDate "2015.04.21"]
[SourceVersion "1"]
[SourceVersionDate "2015.04.21"]
[SourceQuality "1"]

1. e4 c5 2. Nf3 d6 3. c3 Nf6 4. Be2 Nc6 5. d4 cxd4 6. cxd4 Nxe4 7. d5 Qa5+ 8. Nc3 Nxc3 9. bxc3 Ne5 10. Nxe5 Qxc3+ 11. Bd2 Qxe5 12. 0-0 a6 13. Be3 f6 14. Qb3 g6 15. Rac1 b5 16. Rfd1 Bh6 17. Bxh6 Qxe2 18. Re1 Qg4 19. Rc7 Bd7 20. Qe3 Kd8 21. Qb6 Ke8 22. Qxd6 Kd8 23. Qb6 Ke8 24. Qxf6 Qb4 25. Qxh8+ 1-0

[Event "Latin Cup-A 6th"]
[Site "Buenos Aires"]
[Date "2015.03.21"]
[Round "4"]
[White "Tierno de la Rosa, Juan"]
[Black "Bruce, Shannon Hill"]
[Result "0-1"]
[WhiteElo "1897"]
[BlackElo "2112"]
[PlyCount "68"]
[EventDate "2015.03.19"]
[EventType "swiss"]
[EventRounds "9"]
[EventCountry "ARG"]
[SourceTitle "CBM 165 Extra"]
[Source "ChessBase"]
[SourceDate "2015.04.21"]
[SourceVersion "1"]
[SourceVersionDate "2015.04.21"]
[SourceQuality "1"]

1. Nf3 Nf6 2. b3 g6 3. Bb2 Bg7 4. c4 0-0 5. g3 c5 6. Bg2 Nc6 7. d4 cxd4 8. Nxd4 Qa5+ 9. Bc3 Qc5 10. Nxc6 bxc6 11. 0-0 d5 12. Bd4 Qd6 13. cxd5 cxd5 14. Bb2 Bb7 15. Nd2 Rac8 16. Nc4 Qa6 17. Ne3 Rfd8 18. a4 d4 19. Bxb7 Qxb7 20. Nc4 Rxc4 21. bxc4 Qxb2 22. Qd3 Qc3 23. Rfb1 e5 24. Ra3 Qa5 25. f3 Bf8 26. Rab3 Qxa4 27. Rb8 Rxb8 28. Rxb8 Nd7 29. Rd8 Nc5 30. Qd2 Qxc4 31. f4 Ne6 32. Ra8 exf4 33. gxf4 Qc3 34. Qa2 Qe3+ 0-1

[Event "Buenos Aires CC Argentino op"]
[Site "Buenos Aires"]
[Date "2014.04.24"]
[Round "1"]
[White "Tierno de la Rosa, Juan"]
[Black "Liascovich, Lucas Agustin"]
[Result "0-1"]
[WhiteElo "1868"]
[BlackElo "2459"]
[PlyCount "54"]
[EventDate "2014.04.24"]
[EventType "swiss"]
[EventRounds "9"]
[EventCountry "ARG"]
[SourceTitle "EXT 2016"]
[Source "ChessBase"]
[SourceDate "2015.10.08"]
[SourceVersion "1"]
[SourceVersionDate "2015.10.08"]
[SourceQuality "1"]

1. Nf3 Nf6 2. g3 d5 3. Bg2 c6 4. 0-0 Bg4 5. d4 Nbd7 6. c3 e6 7. Qb3 Qc8 8. Nbd2 Be7 9. Re1 0-0 10. e4 c5 11. exd5 Nxd5 12. Ne5 Nxe5 13. dxe5 Rd8 14. a3 Qc7 15. c4 Nb6 16. a4 Rab8 17. a5 Nd7 18. Qe3 Bf5 19. f4 f6 20. Nf3 fxe5 21. fxe5 Nf8 22. Ra3 Rd7 23. Bd2 Rbd8 24. Bc3 Ng6 25. Bf1 h6 26. Raa1 Qc6 27. Nd2 Bg5 0-1

[Event "Buenos Aires Najdorf Centenary op"]
[Site "Buenos Aires"]
[Date "2010.04.07"]
[Round "1"]
[White "Real de Azua, Ernesto"]
[Black "Tierno de la Rosa, Juan"]
[Result "1-0"]
[WhiteElo "2420"]
[BlackElo "1873"]
[PlyCount "93"]
[EventDate "2010.04.04"]
[EventType "swiss"]
[EventRounds "9"]
[EventCountry "ARG"]
[SourceTitle "CBM 136 Extra"]
[Source "ChessBase"]
[SourceDate "2010.07.02"]
[SourceVersion "2"]
[SourceVersionDate "2010.07.15"]
[SourceQuality "1"]

1. d4 d5 2. c4 c6 3. Nc3 Nf6 4. e3 Bf5 5. cxd5 cxd5 6. Qb3 Qd7 7. Nf3 e6 8. Ne5 Qc8 9. Bb5+ Nfd7 10. Bd2 Nc6 11. Rc1 Ndxe5 12. dxe5 a6 13. Bxc6+ bxc6 14. Qa4 Rb8 15. Ne2 Bd3 16. Nd4 Bb5 17. Nxb5 axb5 18. Qg4 b4 19. 0-0 h5 20. Qf4 Be7 21. Rc2 g5 22. Qf3 Qa6 23. Rfc1 c5 24. e4 d4 25. b3 Qb5 26. Rc4 Ra8 27. R1c2 Kf8 28. Qg3 h4 29. Qg4 Rg8 30. Qh5 Qb7 31. Qh6+ Rg7 32. f3 Kg8 33. Qh5 Rg6 34. Kf2 Kg7 35. Qg4 Ra7 36. f4 gxf4 37. Qxf4 Qa8 38. Qf3 Rxa2 39. Qd3 Ra1 40. Rc1 Ra3 41. R1c2 Qg8 42. Qf3 Kf8 43. Rb2 Qg7 44. Bxb4 Ra1 45. Bxc5 Qxe5 46. Bxd4 Bc5 47. Bxc5+ 1-0